00604 2200205 4500001002100000005001700021008004100038035002600079245001600105100001600121260005900137300002500196020002200221082000800243084001300251520002800264650006800292990001900360990001900379INLIS00000000000422420191230034721.0191230| ||| | ind  a 0010-12190000000422400cAndrew Lang0 aAndrew Lang aMitra Buku : YogyakartabMitra Buku : Yogyakartac2016 a466 hlm. ;c466 hlm. a978-602-7900-88-20 a300 a: 398.21 aHIBAH PERPUSNAS RI 2018 0aRed-fairy tales : dongeng-dongeng klasik pengantar tidur 398.21 aB2019011410050 aB2019011410051